Vainqueurs du Trophée des Villes - Pétanque - Statistiques

Statistiques générales
  • Ce quiz a été pris 89 fois
  • Le résultat moyen est 8 sur 22
Statistiques - réponses
Année Vainqueur % Correct
2018 Marseille
81%
2023 Fréjus
74%
2009 Nice
69%
2010 Nice
69%
2011 Nice
69%
2012 Nice
69%
2021 Toulouse
62%
2014 Draguignan
51%
2017 Draguignan
51%
2022 Bron
43%
2019 Clermont-Ferrand
39%
2007 Le Mans
19%
2008 Bastia
18%
2016 Cahors
18%
2013 Dreux
18%
2004 Montluçon
18%
2006 Montluçon
18%
2015 Evreux
11%
2003 Angers
8%
2002 Nevers
8%
2001 Chartres
3%
2005 Melun
3%
Aucun quiz correspondant
Distribution des résultats
% des personnes avec chaque résultat
Percentile par nombre de réponses
Votre historique - résultats
Vous n’avez pas pris ce quiz